|
|
|
|
| LEADER |
00000cam a2200000 a 4500 |
| 001 |
vtls001245250 |
| 003 |
SK-MaSNL |
| 005 |
20260302091605.0 |
| 008 |
240226s1992 xo o grn 000 0 slo |
| 015 |
|
|
|a SNBA1992
|
| 020 |
|
|
|a 8090041302
|q (brožované)
|
| 035 |
|
|
|a SNK000196068
|
| 035 |
|
|
|a FA17D6C8-FA3B-41A4-8F43-BDF780F907A3
|
| 035 |
|
|
|a urn:nbn:sk:snk-am00ie5d
|
| 040 |
|
|
|a SNK
|b slo
|c SNK
|e AACR2
|
| 041 |
0 |
|
|a slo
|
| 043 |
|
|
|a e-xo---
|
| 044 |
|
|
|a xo
|c SK
|
| 072 |
|
7 |
|a 94(437.6)
|x Dejiny Slovenska
|2 konspekt
|
| 080 |
|
|
|a 911.373
|2 2011
|
| 080 |
|
|
|a 911.375(091)
|2 2011
|
| 080 |
|
|
|a 347.193
|2 2001
|
| 080 |
|
|
|a (437.6)
|2 2011
|
| 080 |
|
|
|a (082.2)
|2 2011
|
| 080 |
|
|
|a (036)
|2 2011
|
| 100 |
1 |
|
|a Chalupecký, Ivan,
|d 1932-2020
|4 aut
|9 199754
|
| 245 |
1 |
0 |
|a Podolínec 1292-1992
|b 700 rokov mestských práv
|c [Ivan Chalupecký, Ján Beňko ; fotografie: Štefan Péchy, Alexander Jiroušek]
|
| 246 |
1 |
|
|i Názov z tiráže:
|a Mesto Podolínec
|b z dejín Podolínca
|
| 250 |
|
|
|a 1. vyd.
|
| 260 |
|
|
|a Podolínec
|b Mesto Podolínec
|c 1992
|
| 300 |
|
|
|a 18 strán, [4] nečíslované strany obrazových príloh
|b farebné fotografie
|c 21 x 15 cm
|
| 500 |
|
|
|a Fotografie na predsádkach. Názov z obalu. Významné dáta z dejín mesta na strane 14-16
|
| 500 |
|
|
|a Názov z obalu: Podolínec 1292-1992 : 700 rokov mestských práv
|
| 500 |
|
|
|a Názov z tiráže: Mesto podolínec : z dejín Podolínca
|
| 504 |
|
|
|a Bibliografia na strane 18
|
| 648 |
|
7 |
|a 1292-1992
|2 SNKPH
|9 760305
|
| 650 |
0 |
7 |
|a obce
|2 SNKPH
|9 2935
|
| 650 |
0 |
7 |
|a dejiny obcí
|2 SNKPH
|9 164834
|
| 650 |
0 |
7 |
|a mestské právo
|2 SNKPH
|9 2245
|
| 651 |
|
7 |
|a Podolínec (Slovensko)
|2 SNKPHgeo
|9 19195
|
| 655 |
|
7 |
|a jubilejné publikácie
|2 SNKPH
|9 70339
|
| 655 |
|
7 |
|a informačné publikácie
|2 SNKPH
|9 70181
|
| 700 |
1 |
|
|a Beňko, Ján,
|d 1942-1998
|4 aut
|9 105471
|
| 700 |
1 |
|
|a Péchy, Štefan,
|d 1944-
|4 pht
|9 86635
|
| 700 |
1 |
|
|a Jiroušek, Alexander,
|d 1934-2021
|4 pht
|9 223957
|
| 852 |
|
|
|a Slovenská národná knižnica
|
| 919 |
|
|
|a 80 900413-0-2
|
| 954 |
|
|
|a iná literatúra (príručky, kuchárske knihy, hobby literatúra, sprievodcovia) pôvodná (slovenská)
|2 lita
|
| 958 |
|
|
|a RK
|
| 958 |
|
|
|a TL
|
| 958 |
|
|
|a OND
|
| 958 |
|
|
|a NB
|
| 958 |
|
|
|a EUIPO
|
| 999 |
|
|
|c 1201331
|d 1203261
|
| 952 |
|
|
|a SNK
|b SNK
|y PREZ
|7 0
|p 17A0267122
|o snkSC 83319
|i snkKSP 1503/93
|0 0
|1 0
|4 0
|d 2001-01-25
|f 1
|l 0
|r 2025-08-21 00:00:00
|w 2026-02-24
|
| 952 |
|
|
|a SNK
|b SNK
|y VYP
|7 0
|p 17A0327571
|o snkSC 83319 D1
|i snkKSP 1504/93
|0 0
|1 0
|4 0
|d 2002-01-14
|l 0
|r 2005-01-01 00:00:00
|w 2026-02-24
|